| 000 | 00526nam a2200181 a 4500 | ||
|---|---|---|---|
| 001 | 1359 | ||
| 003 | CDMR | ||
| 005 | 20130311114303.0 | ||
| 008 | 130130s1988||||||||||||||||||||||||||||d | ||
| 020 | _a8477940207 | ||
| 040 |
_aCDMR _bcat _cCPC GIRONA |
||
| 100 | 1 |
_aMadueño, Eugenio _91055 |
|
| 245 | 1 | 0 |
_aGrama, El Maresme _b: dues revistes heroiques _cEugeni Madueño, Joan Catà |
| 260 | _bDiputació de Barcelona | ||
| 260 |
_c1988 _bCol·legi de Periodistes de Catalunya |
||
| 490 | 0 |
_aVaixells de Paper _v3 |
|
| 942 |
_cMON _2udc |
||
| 999 |
_c1359 _d1359 |
||